Loading...
| Literature - American | 0 | 7 | 0 | 0 | 70 | 47 | 88.43 | 3 | 6 | 0.00 | 0.00 |
| Mythology | 0 | 8 | 2 | 1 | 70 | 66 | 96.25 | 1 | 4 | 0.00 | 0.00 |
| Literature - British | 0 | 6 | 0 | 0 | 60 | 39 | 59.50 | 4 | 6 | 0.00 | 0.00 |
| Literature - European | 0 | 6 | 0 | 1 | 60 | 57 | 92.33 | 2 | 5 | 0.00 | 0.00 |
| Literature - World | 0 | 6 | 2 | 0 | 50 | 32 | 92.33 | 1 | 6 | 0.00 | 0.00 |
| Philosophy | 0 | 3 | 0 | 0 | 30 | 94 | 102.67 | 1 | 2 | 0.00 | 0.00 |
| Religion | 0 | 2 | 1 | 0 | 15 | 101 | 104.00 | 1 | 2 | 0.00 | 0.00 |
| Science - Physics | 0 | 1 | 0 | 1 | 10 | 125 | 125.00 | 0 | 0 | 0.00 | 0.00 |
| History - American | 0 | 1 | 0 | 0 | 10 | 92 | 92.00 | 0 | 0 | 0.00 | 0.00 |
| History - World | 0 | 1 | 0 | 0 | 10 | 86 | 86.00 | 0 | 1 | 0.00 | 0.00 |
| Pop Culture | 0 | 1 | 0 | 0 | 10 | 65 | 65.00 | 0 | 1 | 0.00 | 0.00 |
| Science - Other | 0 | 1 | 0 | 0 | 10 | 125 | 125.00 | 0 | 0 | 0.00 | 0.00 |
| Science - Chemistry | 0 | 1 | 1 | 0 | 5 | 99 | 99.00 | 0 | 1 | 0.00 | 0.00 |
| Fine Arts - Painting and Sculpture | 0 | 0 | 1 | 0 | -5 | 0.00 | 0 | 0 | 0.00 | 0.00 |